000 00395nam a2200157Ia 4500
008 230711s9999||||xx |||||||||||||| ||und||
041 _aENG
082 _a624
_bTE-S
100 _aTerzaghi,Karl
245 0 _aSoil mechanics in engineering practice
250 _a2nd Ed.
260 _c1967
_aNew York
_bJohn Wiley & Sons.Inc
650 _aCivil Engineering
700 _aPeck,Ralph B
942 _cBK
999 _c278
_d278